Okinawa - Statistics

General Stats
  • This quiz has been taken 64 times
  • The average score is 5 of 15
Answer Stats
Hint Answer % Correct
Capital city Naha
86%
Kingdom Okinawa was apart of Ryukyu
57%
Largest military installation on island (area) Kadena
53%
Okinawa is often compared to this U.S. state Hawaii
49%
The character above teaches what Karate
49%
Popular shopping street Kokusai
47%
Popular Okinawan-American food served at many restaurants Taco rice
37%
Okinawa is home to the world's second largest what Aquarium
22%
The week celebrated in May Golden Week
20%
Okinawa is the home to what well-known movie character Mr. Miyagi
20%
Battle with the code name Operation Iceberg Battle of Okinawa
14%
Races held every spring Dragon boat
14%
Language spoken by Okinawan elders Hogen
12%
Okinawan fortresses are commonly known as Gusuku
4%
Most popular diving location Cape Maeda
2%
No matching quizzes found
Score Distribution
Percent of People with Each Score
Percentile by Number Answered
Your Score History
You have not taken this quiz